000 00453cam a22001934a 4500
005 20250605164152.0
008 250528s ||||||||||||||||||||||||d
035 _a19424
020 _a960405998Χ
040 _aGR-AtMCL
_bgre
_dGR-AtMCL
_eAACR2
245 1 _aΑΣΦΑΛΕΙΑ ΔΙΚΤΥΩΝ WEB
250 _a1
260 _bΊων,
_c2000
300 _a476
700 1 _aStein Lincoln
_95671
942 _cBK
999 _c4680
_d4680